Normal view
MARC view
- Punter, Russell
Entry Personal Name
001 - CONTROL NUMBER
- control field: 81936
003 - CONTROL NUMBER IDENTIFIER
- control field: NUST
005 - DATE AND TIME OF LATEST TRANSACTION
- control field: 20210831095558.0
008 - FIXED-LENGTH DATA ELEMENTS
- fixed length control field: 210831|| aca||aabn | a|a d
040 ## - CATALOGING SOURCE
- Original cataloging agency: NUST
- Transcribing agency: NUST
100 ## - HEADING--PERSONAL NAME
- Personal name: Punter, Russell
670 ## - SOURCE DATA FOUND
- Source citation: Work cat.: (NUST): Punter, Russell , Bug In A Rug Usborne Phonics Readers, 2015.
